000 00922nam a2200301 i 4500
003 EG-GICUC
005 20260223193506.0
008 260223s1930 fr ||||fr|||| 00| 0 fre d
020 _a9287103984
040 _aEG-GiCUC
_bfre
_cEG-GiCUC
_dEG-GiCUC
_erda
082 0 4 _221
_a341
_bGU . C
092 0 4 _221
099 _aLaw1 11 341 GU . C 1930
100 1 _aGuerrero, J. Gustave
_eAuteur
245 1 3 _aLa Codification Du Droit International /
_b
_cJ. Gustave Guerrero.
_n
264 1 _aParis :
_bA. Pedone, Éditeur,
_c1930.
300 _a232pages :
_billustrations,
_c24 cm
336 _2rda content
_atext
337 _2rda media
_aComputer
338 _2rda carrier
_aOnline Resource
504 _a
546 _aTexte en français
650 1 4 _aDroit international public
_2
651 1 _2
856 4 0 _uhttps://fll.law.cu.edu.eg/fulltext/bks/B11-00133.pdf
905 _a50
942 _2ddc
_cBK
_e21
_n0
999 _c64087
_d64087